01413cam a22003497i 4500001000500000005001700005020001800022040009600040050002100136082001000157100003400167245007100201246002400272250001900296260004400315300004600359490001700405490004000422505000800462520018400470521002000654521002000674650002800694650004200722650001900764650003300783700002300816906004500839942001500884999001500899952014900914440320260326081446.0 a9780062110756 aYDXCPcYDXCPerdadBTCTAdBDXdOCOdWIMdZHBdIUKdVHPdJQMdIEPdDCHdOCLCAdVP@dDLCbeng00aPZ7.D34416b201404a813.61 aDean, Kimberlyd1969-eauthor10aPete the Cat :btoo cool for school /cby Kimberly and James Dean.30aToo cool for school aFirst Edition. aNew York : bHarper Collins ; c2014 .  a31 pages :bcolor illustrations ;c24 cm.0 aPete the cat1 aI can read! My first shared reading aE  a"Pete just can't decide which outfit to wear to school! He has so many options to choose from. Fans of Pete the Cat will enjoy Pete's creativity in choosing the coolest outfit" --1 a210 bLexile 0 aE bRaz-Plus  0aCatsvJuvenile fiction. 0aClothing and dressvJuvenile fiction. 1aCatsvFiction. 1aClothing and dressvFiction.1 aDean, Jamesd1957- a7bcbcccopycatd2encipf20gy-gencatlg 2ddccBKn0 c4403d4403 01102ddc41708JUVFa002b002cTTP Dark Greend2024-08-20l4oDEA 813.6 PZ7.D34416p2024-1788r2026-03-26 08:04:00s2026-03-19w2024-08-20yBK